000 00729nam a2200289Ia 4500
005 20260324125332.0
008 008 260324s9999 xx 000 0 eng d
020 _a9781849770231
037 _aEBOOK
040 _aCRL
040 _beng
040 _cCRL
041 _2eng
041 _aeng
084 _qCRL
100 _aMala Rao; Fiona Adshead; Jenny Griffiths; Allison Thorpe
_91177596
245 4 _aThe Health Practitioner's Guide to Climate Change
245 0 _bDiagnosis and Cure
260 _bTaylor and Francis
260 _c2009
365 _a
365 _b230
856 _uhttp://www.taylorfrancis.com/books/9781849770231
942 _cEBOOK
999 _c1772739
_d1772739